00000000nam 2200000za 4500
0019.846667
003CaOODSP
00520221107153247
007cr |||||||||||
008171106s1987    onc    |o    f|0| 0 fre d
040 |aCaOODSP|bfre
043 |an-cn---
0861 |aCS11-0019/2F-PDF
1001 |aPicot, W. G.
24510|aChômage et formation |h[ressource électronique] / |cpar Garnett Picot.
260 |a[Ottawa] : |bStatistique Canada, |c1987.
300 |a38 p.
4900 |aDocuments de recherche ; |vno. 2
500 |aPubl. aussi en anglais sous le titre : Unemployment and training.
500 |aÉdition numérisée de l'imprimé [par Statistique Canada].
504 |aComprend des références bibliographiques.
520 |a« La formation est souvent considérée comme l'un des principaux moyens de favoriser l'adaptation des chômeurs au marché du travail. Toutefois, si la formation doit s'avérer efficace pour certains groupes cibles de chômeur, il est nécessaire de savoir dans quelle mesure ces groupes ont effectivement recours à la formation. Le présent document vise à répondre à cette question. »--Résumé.
69207|2gccst|aChômage
69207|2gccst|aFormation
69207|2gccst|aTravail
7102 |aStatistique Canada. |bDirection des études analytiques.
77508|tUnemployment and training |w(CaOODSP)9.846664
830#0|aDocuments de recherche (Statistique Canada. Direction des études analytiques)|vno 2|w(CaOODSP)9.500842
85640|qPDF|s3.96 Mo|uhttps://publications.gc.ca/collections/collection_2017/statcan/11f0019m/CS11-0019-2-fra.pdf